Hilfe wider Willen: Zwangsmedikation im psychiatrischen Alltag
| Authors: | ; ; ; |
|---|---|
| Format: | Print Book |
| Language: | German |
| Published: |
Bonn
Psychiatrie-Verl.
1993
|
| In: | Year: 1993 |
| Online Access: |
Table of Contents Table of Contents |
| Availability in Tübingen: | Present in Tübingen. IFK: M XII 221 |
| Check availability: | HBZ Gateway |
| Subito Delivery Service: | Order now. |
| Keywords: |
MARC
| LEADER | 00000cam a2200000 c 4500 | ||
|---|---|---|---|
| 001 | 123330041 | ||
| 003 | DE-627 | ||
| 005 | 20260206194512.0 | ||
| 007 | tu | ||
| 008 | 930327s1993 gw ||||| 00| ||ger c | ||
| 015 | |a 93,N11,0315 |2 dnb | ||
| 015 | |a 93,A40,0603 |2 dnb | ||
| 016 | 7 | |a 930026896 |2 DE-101 | |
| 020 | |a 3884141457 |c : DM 29.80 (kart.) |9 3-88414-145-7 | ||
| 035 | |a (DE-627)123330041 | ||
| 035 | |a (DE-603)023807792 | ||
| 035 | |a (DE-576)033981744 | ||
| 035 | |a (DE-599)DNB930026896 | ||
| 035 | |a (OCoLC)611988739 | ||
| 035 | |a (OCoLC)29319368 | ||
| 040 | |a DE-627 |b ger |c DE-627 |e rakwb | ||
| 041 | |a ger | ||
| 044 | |c XA-DE | ||
| 060 | 0 | |a WM 29.5 | |
| 084 | |a 33 |a 19 |2 sdnb | ||
| 084 | |a YH 8300 |2 rvk |0 (DE-625)rvk/153587:12905 | ||
| 084 | |a YH 2200 |2 rvk |0 (DE-625)rvk/153526:12905 | ||
| 084 | |a YH 2100 |2 rvk |0 (DE-625)rvk/153525:12905 | ||
| 084 | |a 44.38 |2 bkl | ||
| 084 | |a 44.91 |2 bkl | ||
| 100 | 1 | |a Finzen, Asmus |d 1940- |e VerfasserIn |0 (DE-588)115388338 |0 (DE-627)07721577X |0 (DE-576)160948339 |4 aut | |
| 109 | |a Finzen, Asmus 1940- |a Finzen, A. 1940- | ||
| 245 | 1 | 0 | |a Hilfe wider Willen |b Zwangsmedikation im psychiatrischen Alltag |c Asmus Finzen, Hans-Joachim Haug, Adrienne Beck, Daniela Lüthy |
| 264 | 1 | |a Bonn |b Psychiatrie-Verl. |c 1993 | |
| 300 | |a 169 S. |b Ill., graph. Darst. |c 21 cm | ||
| 336 | |a Text |b txt |2 rdacontent | ||
| 337 | |a ohne Hilfsmittel zu benutzen |b n |2 rdamedia | ||
| 338 | |a Band |b nc |2 rdacarrier | ||
| 500 | |a Literaturverz. S. 160 - 168 | ||
| 505 | 8 | |a Literaturverz. S. 160 - 168 | |
| 505 | 8 | |a Literaturverz. S. 160 - 168 | |
| 583 | 1 | |a Archivierung/Langzeitarchivierung gewährleistet |c 20250619 |f FID |f DE-2298 |x XA-DE-NI |z FID Pharmazie |2 pdager |5 DE-84 | |
| 650 | 0 | |a Psychiatry | |
| 650 | 0 | |a Drug Therapy | |
| 650 | 2 | |a Informed Consent | |
| 650 | 2 | |a Mental Disorders |x drug therapy | |
| 650 | 2 | |a Treatment Refusal | |
| 689 | 0 | 0 | |d s |0 (DE-588)4236424-3 |0 (DE-627)104894520 |0 (DE-576)210396784 |a Psychopharmakotherapie |2 gnd |
| 689 | 0 | 1 | |d s |0 (DE-588)4252607-3 |0 (DE-627)104747250 |0 (DE-576)210524332 |a Zwangsbehandlung |2 gnd |
| 689 | 0 | |5 DE-101 | |
| 700 | 1 | |a Haug, Hans-Joachim |d 1953- |e VerfasserIn |0 (DE-588)1089384246 |0 (DE-627)853156891 |0 (DE-576)45965814X |4 aut | |
| 700 | 1 | |a Beck, Adrienne |e VerfasserIn |4 aut | |
| 700 | 1 | |a Lüthy, Daniela |e VerfasserIn |4 aut | |
| 856 | 4 | 2 | |u http://www.gbv.de/dms/bs/toc/123330041.pdf |m V:DE-601 |m B:DE-84 |q pdf/application |x Verlag |y Inhaltsverzeichnis |3 Inhaltsverzeichnis |7 1 |
| 856 | 4 | 2 | |u http://scans.hebis.de/HEBCGI/show.pl?02380779_toc.pdf |m V:DE-605;X:Imageware |q application/pdf |3 Inhaltsverzeichnis |7 1 |
| 935 | |i Blocktest | ||
| 935 | |h HEB |i 0501 | ||
| 935 | |h HEB |i 0503 | ||
| 936 | r | v | |a YH 8300 |b Allgemeines |k Medizin |k Psychiatrie, Medizinische Psychologie |k Spezielle Psychiatrie |k Gerichtliche Psychiatrie |k Recht und Psychiatrie, Gerichtliche Psychologie |k Allgemeines |0 (DE-627)1271618583 |0 (DE-625)rvk/153587:12905 |0 (DE-576)201618583 |
| 936 | r | v | |a YH 2200 |b Allgemeines |k Medizin |k Psychiatrie, Medizinische Psychologie |k Allgemeine Psychiatrie/Medizinische Psychologie |k Allgemeine Therapie |k Psychiatrische Krankenhausbehandlung, psychiatrische Versorgung, Fürsorge |k Allgemeines |0 (DE-627)1271485303 |0 (DE-625)rvk/153526:12905 |0 (DE-576)201485303 |
| 936 | r | v | |a YH 2100 |b Allgemeines |k Medizin |k Psychiatrie, Medizinische Psychologie |k Allgemeine Psychiatrie/Medizinische Psychologie |k Allgemeine Therapie |k Körperliche Behandlung (Medikamente, Schocktherapie usw.) |k Allgemeines |0 (DE-627)1271613891 |0 (DE-625)rvk/153525:12905 |0 (DE-576)201613891 |
| 936 | r | u | |a PI 4530 |b Allgemeines, Recht auf Leben, Euthanasie, Selbstmord, Sterbehilfe, Patiententestament, Zwangsbehandlung, Rechtsprobleme bei bestimmten Krankheiten, insb. HIV |k Rechtswissenschaft |k Allgemeine Rechtslehre und Rechtstheorie, Rechts- und Staatsphilosophie, Rechtssoziologie |k Strafrechtsphilosophie sowie weltanschaulich umstrittene Fragen des Rechts |k Medizinisch-juristische Fragen |k Allgemeines, Recht auf Leben, Euthanasie, Selbstmord, Sterbehilfe, Patiententestament, Zwangsbehandlung, Rechtsprobleme bei bestimmten Krankheiten, insb. HIV |0 (DE-627)1270708171 |0 (DE-576)200708171 |z Ungueltig |
| 936 | b | k | |a 44.38 |j Pharmakologie |0 (DE-627)106409743 |
| 936 | b | k | |a 44.91 |j Psychiatrie |j Psychopathologie |0 (DE-627)106409972 |
| 936 | s | n | |a w200 |2 mzub |
| 936 | s | n | |a p100 |2 mzub |
| 951 | |a BO | ||
| ELC | |b 1 | ||
| LOK | |0 000 xxxxxcx a22 zn 4500 | ||
| LOK | |0 001 318619296X | ||
| LOK | |0 003 DE-627 | ||
| LOK | |0 004 123330041 | ||
| LOK | |0 005 20151116140057 | ||
| LOK | |0 008 150728||||||||||||||||ger||||||| | ||
| LOK | |0 035 |a (DE-21-110)kd13874 | ||
| LOK | |0 040 |a DE-21-110 |c DE-627 |d DE-21-110 | ||
| LOK | |0 689 |a s |a Psychiatrie | ||
| LOK | |0 689 |a s |a Zwangsmedikation | ||
| LOK | |0 852 |a DE-21-110 | ||
| LOK | |0 852 1 |c M XII 221 |m p |9 00 | ||
| LOK | |0 935 |a k110 | ||
| LOK | |0 938 |k p | ||
| LOK | |0 939 |a 28-07-15 |b l01 | ||
| ORI | |a SA-MARC-krimdoka001.raw | ||
| SIG | |a IFK: M XII 221 | ||
